Kazaki ; kavkazskaia povest 1852-1862.

Bibliographic Details
Main Author: Tolstoy, Leo, graf, 1828-1910
Format: Book
Language:Russian
Published: [Leningrad] : Lenizdat, 1971.
Series:Mokinio biblioteka.

MARC

Tag First Indicator Second Indicator Subfields
LEADER 00000cam a2200000 4500
001 in00000039634
005 20151007064509.0
008 760107r1971 ru a 00001 rusrd
035 |a (OCoLC)01915357 
035 |9 AAD9971AM 
040 |a GYG  |c GYG  |d TXA  |d UtOrBLW 
049 |a TXAM  |c [1207337] 
090 |a PG3365  |b .K4 1971 
100 1 |a Tolstoy, Leo,  |c graf,  |d 1828-1910. 
245 1 0 |a Kazaki ;  |b kavkazskaia povest 1852-1862. 
264 1 |a [Leningrad] :  |b Lenizdat,  |c 1971. 
300 |a 157 pages :  |b illustrations ;  |c 20 cm. 
336 |a text  |b txt  |2 rdacontent 
337 |a unmediated  |b n  |2 rdamedia 
338 |a volume  |b nc  |2 rdacarrier 
490 1 |a Biblioteka shkolnika 
500 |a In Cyrillic characters. 
830 0 |a Mokinio biblioteka. 
999 |a MARS 
999 f f |s b3bb0357-131d-3648-bfc2-171435c595e8  |i 2efa587f-58b2-35e9-98d9-b670fe7655e6  |t 0 
952 f f |p ric  |a Texas A&M University  |b Rellis Campus  |c Joint Library Facility  |d Remote Storage  |t 0  |e PG3365 .K4 1971  |h Library of Congress classification  |i unmediated -- volume  |m A14843006157 
998 f f |a PG3365 .K4 1971  |t 0  |l Remote Storage